[Event "4NCL Division 3s"]
[Site "Daventry Court ENG"]
[Date "2015.02.15"]
[Round "6.67"]
[White "Savory, Richard"]
[Black "Paul, Nathanael"]
[Result "0-1"]
[WhiteElo "2116"]
[BlackElo "1910"]
[PlyCount "61"]
[EventDate "2015.02.15"]
[WhiteTeam "Downend & Fishponds"]
[BlackTeam "Shropshire"]

1. e4 c6 2. d3 d5 3. Nd2 e5 4. g3 Nf6 5. Bg2 Bc5 6. Ngf3 Nbd7 7. O-O O-O 8. c3
Re8 9. b4 Bf8 10. Bb2 b6 11. Re1 a5 12. a3 Ba6 13. exd5 cxd5 14. Nf1 Rc8 15.
Ne3 e4 16. dxe4 dxe4 17. Ng5 h6 18. Nh3 Ne5 19. Qb3 Qc7 20. Rad1 Nd3 21. Bf1
Nxe1 22. Bxa6 Nf3+ 23. Kg2 Rcd8 24. Nf4 Rxd1 25. Qxd1 Rd8 26. Nfd5 Nxd5 27.
Nxd5 Qe5 28. Bc4 Qh5 29. Qh1 Rxd5 30. Bxd5 Qxd5 31. Qc1 0-1

[Event "4NCL Division 3s"]
[Site "Daventry Court ENG"]
[Date "2015.02.15"]
[Round "6.68"]
[White "Bryant, Richard BE"]
[Black "Thompson, Rob"]
[Result "1/2-1/2"]
[WhiteElo "1904"]
[BlackElo "2001"]
[PlyCount "37"]
[EventDate "2015.02.15"]
[WhiteTeam "Shropshire"]
[BlackTeam "Downend & Fishponds"]

1. e4 d6 2. d4 Nf6 3. Nc3 e5 4. dxe5 dxe5 5. Qxd8+ Kxd8 6. Bc4 Be6 7. Bxe6 fxe6
8. f3 Bd6 9. Be3 Nbd7 10. O-O-O Ke7 11. Nge2 a6 12. Kb1 b5 13. Nc1 Bc5 14. Rhe1
h6 15. Nd3 Bd6 16. Bg1 g5 17. Rd2 Nh5 18. Red1 Nf4 19. a3 1/2-1/2

[Event "4NCL Division 3s"]
[Site "Daventry Court ENG"]
[Date "2015.02.15"]
[Round "6.70"]
[White "Tarr, Steve"]
[Black "Young, Daniel J"]
[Result "0-1"]
[WhiteElo "1759"]
[BlackElo "1794"]
[PlyCount "100"]
[EventDate "2015.02.15"]
[WhiteTeam "Shropshire"]
[BlackTeam "Downend & Fishponds"]

1. d4 Nf6 2. Bf4 c5 3. e3 cxd4 4. exd4 g6 5. c3 Bg7 6. Nf3 O-O 7. Be2 d6 8. O-O
a6 9. a4 Nbd7 10. h3 Nd5 11. Bh2 Rb8 12. a5 Bh6 13. Bc4 Nf4 14. h4 Nf6 15. Ng5
Ne6 16. f4 Ng7 17. Qb3 d5 18. Bd3 Bf5 19. Be2 Qd7 20. Nd2 Bg4 21. Ndf3 Bxf3 22.
Bxf3 Nf5 23. g3 e6 24. Rfe1 Ne8 25. Re2 Ned6 26. Bg2 Nc4 27. Ne4 Qd8 28. Qa4 b5
29. axb6 Nxb6 30. Qxa6 dxe4 31. Bxe4 Nd5 32. h5 Rb6 33. Qa2 Nfe7 34. c4 Nf6 35.
c5 Qxd4+ 36. Kg2 Rb4 37. Bg1 Qc4 38. Qxc4 Rxc4 39. Bd3 Rb4 40. hxg6 hxg6 41.
Bf2 Rfb8 42. Ra2 Nc6 43. Bxg6 Bf8 44. Bd3 Nd4 45. Rd2 Bxc5 46. Ra5 Bb6 47. Ra6
Nb3 48. Rc2 Bxf2 49. Rxf2 Nc5 50. Rd6 Ne8 0-1

[Event "4NCL Division 3s"]
[Site "Daventry Court ENG"]
[Date "2015.02.15"]
[Round "6.75"]
[White "Wallis, Ian"]
[Black "Maciol, Ryszard"]
[Result "1-0"]
[WhiteElo "1955"]
[BlackElo "2210"]
[PlyCount "55"]
[EventDate "2015.02.15"]
[WhiteTeam "Anglian Avengers 2"]
[BlackTeam "Celtic Tigers 1"]

1. e4 e6 2. d4 d5 3. Nd2 Be7 4. Bd3 c5 5. dxc5 Nf6 6. Qe2 Nc6 7. Ngf3 Nb4 8.
Nb3 a5 9. a4 dxe4 10. Bxe4 Nxe4 11. Qxe4 Bd7 12. Ne5 O-O 13. O-O Be8 14. Bf4
Qc8 15. Nc4 Bc6 16. Qe2 Nd5 17. Bg3 b6 18. cxb6 Ra6 19. Nbxa5 Nxb6 20. Nxc6
Qxc6 21. Ne5 Qa8 22. Qb5 Nxa4 23. b3 Ra5 24. Qd7 Bf6 25. Rxa4 Rd8 26. Qxf7+ Kh8
27. Rxa5 Qxa5 28. Nc6 1-0

[Event "4NCL Division 3s"]
[Site "Daventry Court ENG"]
[Date "2015.02.15"]
[Round "6.76"]
[White "Kemp, Peter"]
[Black "Cook, Michael"]
[Result "1-0"]
[WhiteElo "2197"]
[BlackElo "1992"]
[PlyCount "109"]
[EventDate "2015.02.15"]
[WhiteTeam "Celtic Tigers 1"]
[BlackTeam "Anglian Avengers 2"]

1. d4 Nf6 2. c4 e6 3. g3 Bb4+ 4. Bd2 Qe7 5. Bg2 O-O 6. Nc3 d6 7. Nf3 e5 8. O-O
c6 9. Rc1 Bg4 10. a3 Bxc3 11. Bxc3 e4 12. Ne1 Nbd7 13. Nc2 Bh5 14. b4 Nb6 15.
Ne3 Qe6 16. Bb2 Ng4 17. Nxg4 Bxg4 18. f3 exf3 19. exf3 Bf5 20. Re1 Qf6 21. Bf1
Rfe8 22. Qb3 d5 23. c5 Nc4 24. a4 Re7 25. Bxc4 dxc4 26. Qxc4 Rae8 27. Re5 Be6
28. Qe2 Bd5 29. f4 g6 30. Rf1 Re6 31. Qc2 R6e7 32. Rfe1 Re6 33. R1e3 h5 34. Qe2
h4 35. Qg4 hxg3 36. Rxg3 Kf8 37. Bc3 Ke7 38. Rge3 Kd8 39. Be1 Rh8 40. Bg3 Qe7
41. f5 Rxe5 42. Rxe5 Qd7 43. Qf4 gxf5 44. Qg5+ Kc8 45. Re7 Qd8 46. Qxf5+ Be6
47. Rxe6 fxe6 48. Qxe6+ Qd7 49. Qe5 Qh7 50. Qb8+ Kd7 51. Qxb7+ Ke6 52. Qxc6+
Kf5 53. Qf3+ Ke6 54. d5+ Kd7 55. c6+ 1-0

[Event "4NCL Division 3s"]
[Site "Daventry Court ENG"]
[Date "2015.02.15"]
[Round "6.77"]
[White "Fogg, Martin"]
[Black "Pedersen, Carsten"]
[Result "0-1"]
[WhiteElo "1927"]
[BlackElo "2154"]
[PlyCount "103"]
[EventDate "2015.02.15"]
[WhiteTeam "Anglian Avengers 2"]
[BlackTeam "Celtic Tigers 1"]

1. e4 e6 2. d4 d5 3. Nd2 h6 4. Bd3 Nf6 5. e5 Nfd7 6. Ne2 c5 7. c3 Nc6 8. Nf3
cxd4 9. cxd4 Bb4+ 10. Bd2 Qa5 11. O-O Bxd2 12. Qxd2 Qxd2 13. Nxd2 Nb6 14. Rac1
Bd7 15. a3 Ke7 16. f4 Rac8 17. f5 exf5 18. Nb3 g6 19. Nc5 Rc7 20. Rc3 Rhc8 21.
Rfc1 Nd8 22. Nf4 Ne6 23. Nfxe6 Bxe6 24. a4 Kd8 25. a5 Nc4 26. Bxc4 dxc4 27. Rh3
Rxc5 28. dxc5 Rxc5 29. b3 Rxe5 30. bxc4 Rxa5 31. Rxh6 Ra4 32. c5 Kc7 33. Rh3
Rc4 34. Rxc4 Bxc4 35. Rc3 Bd5 36. Kf2 Kc6 37. g3 a5 38. Ke3 a4 39. Kd4 Be6 40.
h4 Kb5 41. Rc1 Kb4 42. c6 bxc6 43. Rxc6 Kb3 44. Rb6+ Ka3 45. Ra6 Bb3 46. h5
gxh5 47. Ke5 Kb2 48. Kxf5 a3 49. Kg5 a2 50. Kxh5 a1=Q 51. Rxa1 Kxa1 52. Kg5 0-1

[Event "4NCL Division 3s"]
[Site "Daventry Court ENG"]
[Date "2015.02.15"]
[Round "6.78"]
[White "Way, Julian"]
[Black "Hall, Antony"]
[Result "1-0"]
[WhiteElo "2011"]
[BlackElo "1913"]
[PlyCount "80"]
[EventDate "2015.02.15"]
[WhiteTeam "Celtic Tigers 1"]
[BlackTeam "Anglian Avengers 2"]

1. e4 d6 2. d4 Nf6 3. Nc3 g6 4. Be2 Bg7 5. g4 c6 6. g5 Nfd7 7. h4 b5 8. h5 Qb6
9. Be3 a6 10. h6 Bf8 11. Qd2 Bb7 12. O-O-O Qc7 13. Rh4 e6 14. f4 d5 15. f5 exf5
16. Bf4 Qd8 17. exd5 cxd5 18. Bf3 Nb6 19. Be5 Be7 20. Nh3 O-O 21. Rg1 b4 22.
Ne2 Nc4 23. Qf4 Nd6 24. Ng3 Qd7 25. Qe3 Nc4 26. Qe2 Nd6 27. Kb1 a5 28. Re1 Ne4
29. Bxe4 dxe4 30. Rg1 Bd5 31. Nf1 f6 32. gxf6 Bxf6 33. Nf4 Kh8 34. Rxg6 Bxe5
35. dxe5 Rg8 36. e6 Bxa2+ 37. Kc1 Qd8 38. Rxg8+ Qxg8 39. Qb5 Qf8 40. Qe5+ Kg8
1-0

[Event "4NCL Division 3s"]
[Site "Daventry Court ENG"]
[Date "2015.02.15"]
[Round "6.79"]
[White "Lamont, Richard"]
[Black "Skulte, Chris"]
[Result "0-1"]
[WhiteElo "1894"]
[BlackElo "1970"]
[PlyCount "100"]
[EventDate "2015.02.15"]
[WhiteTeam "Anglian Avengers 2"]
[BlackTeam "Celtic Tigers 1"]

1. e4 c5 2. Nf3 e6 3. d4 cxd4 4. Nxd4 Nf6 5. Nc3 Nc6 6. Nxc6 bxc6 7. e5 Nd5 8.
Ne4 Qc7 9. Qh5 g6 10. Qg5 Be7 11. Qg3 f5 12. Nd6+ Bxd6 13. exd6 Qb6 14. Bd3 Ba6
15. Bxa6 Qxa6 16. Qh4 O-O 17. Bd2 c5 18. c4 Nf6 19. f3 Qxd6 20. O-O-O Qc7 21.
Bc3 e5 22. Rhe1 d6 23. Rd2 Rf7 24. h3 Raf8 25. Red1 Ne8 26. Rd5 f4 27. Qe1 Qe7
28. Bxe5 Nf6 29. Bxd6 Qxe1 30. Rxe1 Nxd5 31. Bxf8 Nb4 32. Bxc5 Nd3+ 33. Kd2
Nxc5 34. b4 Nb7 35. Kc3 Kf8 36. c5 a5 37. a3 Re7 38. Rd1 Re3+ 39. Kc4 Ke7 40.
b5 Rxa3 41. Rd2 Re3 42. Rc2 Re5 43. Kd4 Ke6 44. c6 Rd5+ 45. Ke4 Nd6+ 46. Kxf4
Rxb5 47. Re2+ Kf6 48. Rd2 Nf5 49. Re2 Rb4+ 50. Re4 g5+ 0-1

[Event "4NCL Division 3s"]
[Site "Daventry Court ENG"]
[Date "2015.02.15"]
[Round "6.80"]
[White "Wagner, Guy"]
[Black "Woodcock, Keith"]
[Result "1-0"]
[WhiteElo "1839"]
[BlackElo "1659"]
[PlyCount "97"]
[EventDate "2015.02.15"]
[WhiteTeam "Celtic Tigers 1"]
[BlackTeam "Anglian Avengers 2"]

1. Nf3 d5 2. d4 g6 3. Bf4 Bg7 4. e3 Nf6 5. Be2 O-O 6. Nc3 c6 7. Ne5 Nbd7 8. h4
Nxe5 9. Bxe5 b5 10. h5 Qa5 11. Bf3 b4 12. Ne2 b3+ 13. Qd2 Qxd2+ 14. Kxd2 bxc2
15. Kxc2 g5 16. Ng3 h6 17. b4 a5 18. Rhb1 Ng4 19. Bxg7 Kxg7 20. Bxg4 Bxg4 21.
f3 Bd7 22. bxa5 Rxa5 23. Rb7 Rd8 24. Ne2 Bf5+ 25. Kd2 Kf6 26. Nc1 c5 27. Nb3
Ra3 28. dxc5 Rda8 29. Nc1 Rc8 30. g4 Be6 31. Nd3 Rca8 32. Rb2 Bd7 33. Nc1 e5
34. Rab1 d4 35. Rb6+ Be6 36. exd4 exd4 37. R1b3 R3a5 38. R6b5 Rxb5 39. Rxb5
Bxa2 40. Nxa2 Rxa2+ 41. Kd3 Ra4 42. c6 Ke6 43. Rc5 Ra8 44. Kxd4 Rc8 45. c7 Kd6
46. Rc3 Ke6 47. Rc6+ Kd7 48. Kd5 Ke7 49. Kc5 1-0

[Event "4NCL Division 3s"]
[Site "Daventry Court ENG"]
[Date "2015.02.15"]
[Round "6.85"]
[White "Maleki, Manuel"]
[Black "Willmoth, Rob"]
[Result "1-0"]
[WhiteElo "2266"]
[BlackElo "2137"]
[PlyCount "85"]
[EventDate "2015.02.15"]
[WhiteTeam "Fermented Sharks"]
[BlackTeam "Barnet Knights 1"]

1. Nf3 d6 2. d4 Bg4 3. Nbd2 Nf6 4. g3 e6 5. Bg2 Nbd7 6. O-O Be7 7. c4 c6 8. e4
Qc7 9. Re1 O-O 10. b3 c5 11. Bb2 cxd4 12. Bxd4 Rfd8 13. Bb2 Rac8 14. Qe2 a6 15.
h3 Bh5 16. g4 Bg6 17. Nd4 e5 18. Nf5 Nc5 19. Rac1 Ne6 20. Bf1 Nf4 21. Qf3 h5
22. Nb1 hxg4 23. hxg4 Qd7 24. Nc3 Bxf5 25. exf5 g6 26. Ne2 Nxe2+ 27. Bxe2 gxf5
28. gxf5 Kh8 29. Qh3+ Nh7 30. f4 Rg8+ 31. Kf2 Rg7 32. Rh1 Rcg8 33. Rh2 Qc7 34.
Rch1 Qc5+ 35. Ke1 Rg1+ 36. Kd2 R8g7 37. Rxg1 Qxg1 38. f6 Bxf6 39. Bd3 Kg8 40.
Qc8+ Nf8 41. Rh8+ Kxh8 42. Qxf8+ Rg8 43. Qh6# 1-0

[Event "4NCL Division 3s"]
[Site "Daventry Court ENG"]
[Date "2015.02.15"]
[Round "6.86"]
[White "Brozel, Sacha"]
[Black "Thorarinsson, Pall"]
[Result "0-1"]
[WhiteElo "2016"]
[BlackElo "2230"]
[PlyCount "148"]
[EventDate "2015.02.15"]
[WhiteTeam "Barnet Knights 1"]
[BlackTeam "Fermented Sharks"]

1. d4 d5 2. c4 c6 3. Nf3 e6 4. e3 Nf6 5. b3 Nbd7 6. Bb2 Bd6 7. Bd3 O-O 8. Nbd2
b6 9. Ne5 Bb7 10. O-O c5 11. Rc1 Rc8 12. Ndf3 Qe7 13. cxd5 exd5 14. Nxd7 Nxd7
15. Bf5 Rcd8 16. Bb1 Rfe8 17. Qc2 Nf8 18. Rfd1 Qe6 19. Qc3 Qh6 20. h3 Ng6 21.
Bf5 Ne7 22. Bb1 Rc8 23. Qd3 c4 24. bxc4 dxc4 25. Qe2 Nd5 26. e4 c3 27. Ba1 Nf4
28. Qf1 Bxe4 29. Bxe4 Rxe4 30. Re1 Ne2+ 31. Kh1 Nxc1 32. Rxe4 c2 33. Qa6 Rf8
34. Qc4 Nb3 35. Qxc2 Nxa1 36. Qc3 Qg6 37. Re2 Qb1+ 38. Re1 Qxa2 39. Rxa1 Qxf2
40. Rxa7 Qf1+ 41. Ng1 b5 42. Ra1 Qf4 43. Nf3 h6 44. Rf1 Qe4 45. Re1 Qb7 46. Qd3
Qd5 47. Nd2 Rc8 48. Ne4 Bf8 49. Re3 Rd8 50. Rg3 Qxd4 51. Qf3 Qd1+ 52. Kh2 Bd6
53. Nxd6 Qxf3 54. Rxf3 Rxd6 55. Rb3 Rb6 56. Kg3 f5 57. Kf4 b4 58. Ke3 Kf7 59.
Kd4 Kf6 60. Kc4 Rb8 61. Kd4 g5 62. Kd5 h5 63. Kd4 Ke6 64. Re3+ Kd6 65. Rb3 Rb7
66. g3 h4 67. gxh4 gxh4 68. Kc4 Ke5 69. Kc5 f4 70. Kc6 Rb8 71. Kc7 Rf8 72. Kc6
f3 73. Rb1 f2 74. Rf1 b3 0-1

[Event "4NCL Division 3s"]
[Site "Daventry Court ENG"]
[Date "2015.02.15"]
[Round "6.87"]
[White "Farkas, Daniel"]
[Black "Klingher, Dominic"]
[Result "1-0"]
[WhiteElo "2142"]
[BlackElo "1838"]
[PlyCount "117"]
[EventDate "2015.02.15"]
[WhiteTeam "Fermented Sharks"]
[BlackTeam "Barnet Knights 1"]

1. d4 Nf6 2. Bf4 g6 3. e3 Bg7 4. Nf3 O-O 5. Be2 d6 6. O-O Bg4 7. h3 Bxf3 8.
Bxf3 c6 9. c4 Nbd7 10. Nc3 Re8 11. b4 e5 12. Bh2 e4 13. Be2 d5 14. Qb3 Nf8 15.
c5 Ne6 16. b5 Qc8 17. Rab1 Nd7 18. Rfc1 Qd8 19. bxc6 bxc6 20. Qb7 Bxd4 21. exd4
Nxd4 22. Qb4 Qf6 23. Rd1 Nxe2+ 24. Nxe2 a5 25. Qd4 Qxd4 26. Nxd4 Ra6 27. Bd6 f5
28. Rb7 Nf6 29. Rb6 Rxb6 30. cxb6 Nd7 31. Nxc6 Nxb6 32. Ne7+ Kf7 33. Nxd5 Nxd5
34. Rxd5 Rd8 35. Rd4 Ke6 36. Bc5 Rxd4 37. Bxd4 Kd5 38. Bf6 Kc4 39. Kf1 Kd3 40.
Bg5 a4 41. a3 h5 42. Ke1 Kc3 43. g3 Kd3 44. Kd1 Kc3 45. Ke2 Kd4 46. Ke1 Kc3 47.
Ke2 Kd4 48. Kd2 Kd5 49. Ke3 Ke5 50. Bh6 Ke6 51. Kf4 Kf6 52. Bf8 Kf7 53. Bb4 Ke6
54. Kg5 Ke5 55. Kxg6 f4 56. Bc3+ Ke6 57. gxf4 e3 58. fxe3 Ke7 59. f5 1-0

[Event "4NCL Division 3s"]
[Site "Daventry Court ENG"]
[Date "2015.02.15"]
[Round "6.88"]
[White "Karia, Rishul"]
[Black "Agnew, Alan"]
[Result "0-1"]
[WhiteElo "1640"]
[BlackElo "2092"]
[PlyCount "90"]
[EventDate "2015.02.15"]
[WhiteTeam "Barnet Knights 1"]
[BlackTeam "Fermented Sharks"]

1. e4 d6 2. d4 Nf6 3. Nc3 e5 4. dxe5 dxe5 5. Qxd8+ Kxd8 6. Bg5 Bd6 7. Nd5 Nbd7
8. O-O-O Ke8 9. Bd3 Ng4 10. Bh4 c6 11. Be2 cxd5 12. Bxg4 d4 13. f4 exf4 14.
Rxd4 Bc5 15. Rd5 Be3+ 16. Kb1 f6 17. Bh5+ g6 18. Bf3 g5 19. Bh5+ Ke7 20. Be1
Nc5 21. e5 f5 22. Nf3 Be6 23. Rd1 h6 24. Bb4 Rhd8 25. Nd4 Bxd4 26. Rxd4 b6 27.
Rhd1 Rxd4 28. Rxd4 Rd8 29. Rxd8 Kxd8 30. Bf3 Kd7 31. a3 Bf7 32. Kc1 Ke6 33. Kd2
Kxe5 34. Bc3+ Kd6 35. Bg7 h5 36. Bh6 Ne6 37. Be2 Ke5 38. Bc4 g4 39. Bxe6 Bxe6
40. g3 fxg3 41. hxg3 Ke4 42. Ke2 h4 43. gxh4 f4 44. Bf8 g3 45. Bd6 f3+ 0-1

[Event "4NCL Division 3s"]
[Site "Daventry Court ENG"]
[Date "2015.02.15"]
[Round "6.89"]
[White "Stevenson, James AB"]
[Black "Hung, Jake"]
[Result "0-1"]
[WhiteElo "2071"]
[BlackElo "1689"]
[PlyCount "72"]
[EventDate "2015.02.15"]
[WhiteTeam "Fermented Sharks"]
[BlackTeam "Barnet Knights 1"]

1. d4 d5 2. c4 c6 3. Nf3 Nf6 4. Qc2 Nbd7 5. g3 g6 6. Bg2 Bg7 7. O-O O-O 8. Nbd2
Nb6 9. c5 Nbd7 10. a4 Re8 11. b4 e5 12. dxe5 Nxe5 13. Nd4 a6 14. Bb2 Bd7 15.
Qb3 b6 16. cxb6 Qxb6 17. e3 a5 18. bxa5 Qxa5 19. Bc3 Qc7 20. Rfb1 c5 21. N4f3
Nxf3+ 22. Nxf3 Reb8 23. Be5 Rxb3 24. Bxc7 Rxb1+ 25. Rxb1 Bxa4 26. Ne5 Rc8 27.
Rb8 Rxb8 28. Bxb8 Bb5 29. f4 Ne4 30. Bxe4 dxe4 31. Bd6 Bf8 32. Bxf8 Kxf8 33.
Kf2 Kg7 34. Ke1 h5 35. g4 f6 36. Nxg6 Kxg6 0-1

[Event "4NCL Division 3s"]
[Site "Daventry Court ENG"]
[Date "2015.02.15"]
[Round "6.90"]
[White "Pollack, Oscar"]
[Black "Mc Aleenan, Charles"]
[Result "1/2-1/2"]
[WhiteElo "1793"]
[BlackElo "1775"]
[PlyCount "94"]
[EventDate "2015.02.15"]
[WhiteTeam "Barnet Knights 1"]
[BlackTeam "Fermented Sharks"]

1. Nf3 e6 2. g3 f5 3. Bg2 Nf6 4. O-O d5 5. b3 Be7 6. Ba3 O-O 7. c4 Nc6 8. d4
Ne4 9. Ne5 Nxe5 10. dxe5 c6 11. f3 Qb6+ 12. Kh1 Bxa3 13. Nxa3 Nf2+ 14. Rxf2
Qxf2 15. Rc1 Bd7 16. Nc2 Qb6 17. f4 Rfd8 18. cxd5 cxd5 19. Nd4 Rac8 20. e3 Rxc1
21. Qxc1 Rc8 22. Qa3 Qc5 23. Qxc5 Rxc5 24. Kg1 Kf7 25. Kf2 a6 26. Ke1 b5 27. a3
h5 28. Kd2 Rc8 29. h4 g6 30. Bf3 Ke7 31. Bg2 a5 32. Bf1 Rb8 33. Be2 Rb7 34. Bd3
Kd8 35. Be2 Kc7 36. Bd3 Kb6 37. Be2 Rc7 38. Bd3 Rc5 39. Be2 b4 40. a4 Kc7 41.
Bd3 Kd8 42. Bb5 Ke7 43. Bd3 Rc8 44. Be2 Kf7 45. Bd3 Ra8 46. Be2 Bc8 47. Nb5 Bd7
1/2-1/2

[Event "4NCL Division 3s"]
[Site "Daventry Court ENG"]
[Date "2015.02.15"]
[Round "6.95"]
[White "Stewart, Joseph"]
[Black "Barnes, Michael H"]
[Result "1/2-1/2"]
[WhiteElo "2201"]
[BlackElo "2203"]
[PlyCount "123"]
[EventDate "2015.02.15"]
[WhiteTeam "West is Best 1"]
[BlackTeam "e2e4.org.uk 2"]

1. e4 c5 2. Nf3 e6 3. Qe2 Be7 4. g3 Nc6 5. Bg2 d6 6. O-O Nf6 7. Rd1 O-O 8. c3
e5 9. h3 Be6 10. d4 cxd4 11. cxd4 exd4 12. Nxd4 Nxd4 13. Rxd4 Qc8 14. Nc3 Bxh3
15. Be3 Bxg2 16. Kxg2 Qe6 17. Rad1 Rfd8 18. Bf4 Rac8 19. Qb5 b6 20. Qa4 a5 21.
Qb5 h6 22. Qxb6 Rb8 23. Qxa5 Rxb2 24. R1d2 Rxd2 25. Bxd2 Ng4 26. Qf5 Bf6 27.
Ra4 Bxc3 28. Qxe6 fxe6 29. Bxc3 Rc8 30. Ra3 Rc7 31. Kf3 Nf6 32. e5 dxe5 33.
Bxe5 Rf7 34. Ra8+ Kh7 35. Bxf6 gxf6 36. a4 Rb7 37. a5 Rb2 38. a6 Ra2 39. Ke3 h5
40. a7 Kg7 41. Kf3 Ra4 42. Kg2 e5 43. Kf3 f5 44. Ke3 Ra3+ 45. Ke2 f4 46. gxf4
exf4 47. Kf1 h4 48. Kg2 h3+ 49. Kh2 Kh7 50. Rf8 Rxa7 51. Rxf4 Ra3 52. f3 Kg6
53. Kxh3 Kg5 54. Kg3 Ra1 55. Rf8 Rg1+ 56. Kh3 Rh1+ 57. Kg2 Ra1 58. Rc8 Rb1 59.
Rc4 Ra1 60. Rd4 Rb1 61. Kf2 Ra1 62. Ke2 1/2-1/2

[Event "4NCL Division 3s"]
[Site "Daventry Court ENG"]
[Date "2015.02.15"]
[Round "6.96"]
[White "Morley, Andrew J"]
[Black "Edgell, Ben"]
[Result "1/2-1/2"]
[WhiteElo "2101"]
[BlackElo "2133"]
[PlyCount "59"]
[EventDate "2015.02.15"]
[WhiteTeam "e2e4.org.uk 2"]
[BlackTeam "West is Best 1"]

1. e4 e5 2. Nf3 Nc6 3. Bb5 a6 4. Ba4 d6 5. c3 Bd7 6. O-O Nf6 7. Re1 Be7 8. d3
O-O 9. Nbd2 b5 10. Bc2 g6 11. Nf1 Nh5 12. Bh6 Re8 13. Ne3 Bf8 14. Bxf8 Kxf8 15.
Nd5 Ne7 16. d4 Nxd5 17. exd5 f6 18. Qd2 Kg7 19. a4 Bg4 20. Re3 Nf4 21. dxe5
dxe5 22. h3 Bxf3 23. Rxf3 Qxd5 24. Qxd5 Nxd5 25. Be4 c6 26. Rd3 Rad8 27. axb5
axb5 28. Rad1 Re7 29. Bxd5 cxd5 30. Rxd5 1/2-1/2

[Event "4NCL Division 3s"]
[Site "Daventry Court ENG"]
[Date "2015.02.15"]
[Round "6.97"]
[White "Villiers, Thomas"]
[Black "Taylor, Adam A"]
[Result "1-0"]
[WhiteElo "2080"]
[BlackElo "2070"]
[PlyCount "73"]
[EventDate "2015.02.15"]
[WhiteTeam "West is Best 1"]
[BlackTeam "e2e4.org.uk 2"]

1. e4 c5 2. Nf3 Nc6 3. d4 cxd4 4. Nxd4 e5 5. Nb5 d6 6. N1c3 a6 7. Na3 b5 8. Nd5
Nge7 9. c4 Nd4 10. Be3 Nxd5 11. cxd5 g6 12. Bxd4 exd4 13. Qxd4 Qa5+ 14. Qd2
Qxd2+ 15. Kxd2 Bd7 16. Bd3 Bg7 17. Rab1 O-O 18. Nc2 f5 19. f3 fxe4 20. Bxe4 Bf5
21. Rhe1 Rac8 22. Ne3 Bh6 23. Re2 Rfe8 24. Kd3 Rc5 25. b4 Bxe4+ 26. fxe4 Rc7
27. Rc2 Rce7 28. Ng4 Bg7 29. Re1 h5 30. Nf2 Be5 31. h3 a5 32. bxa5 Ra8 33. Rb1
Rxa5 34. g4 h4 35. Ke3 Rf7 36. Nd3 Bf6 37. Rb3 1-0

[Event "4NCL Division 3s"]
[Site "Daventry Court ENG"]
[Date "2015.02.15"]
[Round "6.98"]
[White "Garnett, John S"]
[Black "Littlejohns, David"]
[Result "1-0"]
[WhiteElo "2015"]
[BlackElo "1992"]
[PlyCount "103"]
[EventDate "2015.02.15"]
[WhiteTeam "e2e4.org.uk 2"]
[BlackTeam "West is Best 1"]

1. c4 c6 2. g3 g6 3. Bg2 Bg7 4. d4 d5 5. Nf3 Nf6 6. O-O O-O 7. Nc3 dxc4 8. a4
Na6 9. e3 Bf5 10. Ne5 Nb4 11. e4 Be6 12. Be3 Nd7 13. Nf3 Bg4 14. Qe2 a5 15.
Qxc4 Nb6 16. Qc5 Bxf3 17. Bxf3 Nc2 18. Rad1 Nxe3 19. fxe3 Nd7 20. Qc4 Qb6 21.
Qe2 Rad8 22. e5 c5 23. Nd5 Qe6 24. Qb5 cxd4 25. exd4 Kh8 26. Rc1 Qa6 27. Qxa6
bxa6 28. Nxe7 Nb6 29. Nc6 Rd7 30. b3 Bh6 31. Rc3 Nd5 32. Bxd5 Rxd5 33. Rcf3 Kg7
34. g4 Bg5 35. Kg2 Kg8 36. e6 f5 37. gxf5 Rfxf5 38. Rxf5 gxf5 39. Re1 Kf8 40.
Re5 Rxe5 41. Nxe5 Ke7 42. d5 Bd2 43. Nc6+ Kd6 44. Kf3 Bg5 45. Ke2 Bf6 46. Kd3
Bh4 47. Kc4 Be1 48. Nd4 f4 49. Nf5+ Kc7 50. d6+ Kd8 51. e7+ Kd7 52. Ng7 1-0

[Event "4NCL Division 3s"]
[Site "Daventry Court ENG"]
[Date "2015.02.15"]
[Round "6.99"]
[White "Bullen, Alex"]
[Black "Mansson, James C"]
[Result "1/2-1/2"]
[WhiteElo "2017"]
[BlackElo "2078"]
[PlyCount "59"]
[EventDate "2015.02.15"]
[WhiteTeam "West is Best 1"]
[BlackTeam "e2e4.org.uk 2"]

1. e4 e5 2. Nf3 Nc6 3. d4 exd4 4. Bc4 Nf6 5. O-O Nxe4 6. Re1 d5 7. Bxd5 Qxd5 8.
Nc3 Qa5 9. Nxe4 Be6 10. Neg5 O-O-O 11. Nxe6 fxe6 12. Rxe6 Bd6 13. Bg5 Rde8 14.
Qe2 Kd7 15. Re1 Qxe1+ 16. Qxe1 Rxe6 17. Qd2 Rhe8 18. g3 Re4 19. Qd3 h6 20. Bd2
Kc8 21. Kf1 a6 22. c3 Bc5 23. cxd4 Bxd4 24. Nxd4 Rxd4 25. Qf5+ Rd7 26. Bc3 Kd8
27. Qg4 Ree7 28. Qh4 Kc8 29. Qc4 Kb8 30. Qg8+ 1/2-1/2

[Event "4NCL Division 3s"]
[Site "Daventry Court ENG"]
[Date "2015.02.15"]
[Round "6.100"]
[White "Ganger, Rajan"]
[Black "Richardt, Mike"]
[Result "1/2-1/2"]
[WhiteElo "1991"]
[BlackElo "2022"]
[PlyCount "32"]
[EventDate "2015.02.15"]
[WhiteTeam "e2e4.org.uk 2"]
[BlackTeam "West is Best 1"]

1. e4 e5 2. Nf3 d6 3. Bc4 Be7 4. O-O Nf6 5. d3 O-O 6. Nbd2 c6 7. c3 Nbd7 8. d4
Qc7 9. dxe5 dxe5 10. a4 Nc5 11. Qe2 Nh5 12. Nb3 Ne6 13. Be3 Nef4 14. Qc2 Bg4
15. Ne1 Be6 16. Bxe6 Nxe6 1/2-1/2

[Event "4NCL Division 3s"]
[Site "Daventry Court ENG"]
[Date "2015.02.15"]
[Round "6.105"]
[White "Smart, Mike"]
[Black "Baruch, Andy"]
[Result "1/2-1/2"]
[WhiteElo "2011"]
[BlackElo "2070"]
[PlyCount "49"]
[EventDate "2015.02.15"]
[WhiteTeam "Guildford 4"]
[BlackTeam "Warwickshire Select 2"]

1. e4 Nf6 2. e5 Nd5 3. d4 d6 4. c4 Nb6 5. exd6 cxd6 6. Nc3 g6 7. Be3 Bg7 8. Rc1
O-O 9. b3 e6 10. Nf3 Bd7 11. Be2 d5 12. O-O Nc6 13. a3 a6 14. h3 h6 15. Qd2 Na5
16. Qa2 Nc6 17. Rfd1 Kh7 18. Ne5 Ne7 19. Bf3 Be8 20. g4 f6 21. Nd3 a5 22. Nc5
Qc8 23. Re1 Bf7 24. Nb5 Rb8 25. Qd2 1/2-1/2

[Event "4NCL Division 3s"]
[Site "Daventry Court ENG"]
[Date "2015.02.15"]
[Round "6.106"]
[White "Page, Mark"]
[Black "Punnett, Alan"]
[Result "1/2-1/2"]
[WhiteElo "2079"]
[BlackElo "2050"]
[PlyCount "130"]
[EventDate "2015.02.15"]
[WhiteTeam "Warwickshire Select 2"]
[BlackTeam "Guildford 4"]

1. e4 e6 2. d4 d5 3. Nc3 Bb4 4. exd5 exd5 5. Bd3 Nf6 6. Nge2 Nc6 7. O-O Bg4 8.
f3 Bh5 9. Nf4 Bg6 10. Nxg6 hxg6 11. Ne2 Qd7 12. c3 Bd6 13. Bf4 O-O-O 14. Qd2
Nh5 15. Bxd6 Qxd6 16. g4 Nf6 17. Qf4 Ne7 18. Qxd6 Rxd6 19. Rfe1 Re6 20. Nf4
Rxe1+ 21. Rxe1 Kd7 22. Bc2 c6 23. Nd3 Kd6 24. Ne5 Rf8 25. Kg2 Nd7 26. Nd3 Ng8
27. h4 Ngf6 28. g5 Ne8 29. Kg3 Nc7 30. Nf4 Rh8 31. Kg4 Nf8 32. Nd3 Nd7 33. f4
Ne6 34. Ne5 Nxe5+ 35. Rxe5 b5 36. f5 gxf5+ 37. Rxf5 Ke7 38. Rf2 a5 39. Re2 Kd6
40. h5 b4 41. Bf5 Nc7 42. Bd3 Ne6 43. Rf2 Ke7 44. Rh2 f6 45. Re2 Kd6 46. gxf6
gxf6 47. Bg6 Ng7 48. Rh2 Rh6 49. cxb4 axb4 50. a4 bxa3 51. bxa3 c5 52. dxc5+
Kxc5 53. Rb2 d4 54. a4 Rh8 55. a5 Nxh5 56. Bxh5 Ra8 57. Kf4 Rxa5 58. Be2 Kd5
59. Kf5 d3 60. Bf3+ Kd4+ 61. Kxf6 Ke3 62. Bg4 d2 63. Rb6 Ra4 64. Re6+ Re4 65.
Rxe4+ Kxe4 1/2-1/2

[Event "4NCL Division 3s"]
[Site "Daventry Court ENG"]
[Date "2015.02.15"]
[Round "6.107"]
[White "Stimpson, Phil"]
[Black "Ingram, Keith"]
[Result "1-0"]
[WhiteElo "1995"]
[BlackElo "2003"]
[PlyCount "83"]
[EventDate "2015.02.15"]
[WhiteTeam "Guildford 4"]
[BlackTeam "Warwickshire Select 2"]

1. e4 e5 2. Nf3 Nc6 3. d4 exd4 4. Nxd4 Nf6 5. Nxc6 dxc6 6. Qxd8+ Kxd8 7. f3 Be6
8. Be3 Bb4+ 9. Nd2 Ke7 10. c3 Ba5 11. Nc4 Bb6 12. Nxb6 axb6 13. a3 h6 14. Bd3
Rhd8 15. O-O-O Bb3 16. Bc2 Bxc2 17. Kxc2 Rxd1 18. Rxd1 Rd8 19. Rd4 b5 20. Bf4
Rd7 21. Be5 Ne8 22. Kd3 c5 23. Rxd7+ Kxd7 24. c4 c6 25. b3 Ke6 26. f4 g6 27. g4
f5 28. h3 fxe4+ 29. Kxe4 Nf6+ 30. Bxf6 Kxf6 31. cxb5 cxb5 32. Kd5 b6 33. a4 c4
34. bxc4 bxa4 35. Kd4 Ke6 36. Kc3 Kd6 37. Kb4 a3 38. Kxa3 Kc5 39. f5 gxf5 40.
gxf5 Kd6 41. Kb4 Ke5 42. Kb5 1-0